000 00275nam a2200121Ia 4500
100 _aChurchill/ S/C.
942 _cBK
654 _aSoldering.
245 _aSoldering part one
260 _bMAchinerys Standard Reference Series
_c2001
082 _a671.56
546 _aENGLISH
999 _c19026
_d19026